Difference sets in elementary Abelian groups /

Guardado en:
Autor Principal: Camion, Paul.
Formato: Libro
Idioma:English
Publicado: Montréal : Presses de l'Université de Montréal, 1979.
Series:Séminaire de mathématiques supérieures ; 66
Materias:
Etiquetas: Agregar Etiqueta
Sin Etiquetas, Sea el primero en etiquetar este registro!
LEADER 00777cam a2200241 a 4500
001 MAT.inmabb006125
008 800620s1979####quc######b####000#0#eng##
005 20120515155457.0
245 1 0 |a Difference sets in elementary Abelian groups /  |c Paul Camion. 
260 |a Montréal :  |b Presses de l'Université de Montréal,  |c 1979. 
300 |a 96 p. ;  |c 28 cm. 
440 0 |a Séminaire de mathématiques supérieures ;  |v 66 
504 |a Bibliografía: p. [95]-96. 
510 4 |a MR,  |c 81e:05042 
020 |a 2760604500 (pbk.) 
100 1 |a Camion, Paul. 
650 0 |a Abelian groups. 
650 0 |a Fourier transformations. 
650 0 |a Difference sets. 
084 |a 05B10 (94B25)  |2 msc2000 
010 |a  80481514  
040 |a DLC  |c DLC  |d DLC 
859 |h 05  |i C183  |p A-5515  |b BIB. MATEMATICA